| 000 -ლიდერი |
| ფიქსირებული სიგრძის საკონტროლო ველი |
01060nam a2200193Ia 4500 |
| 001 - საკონტროლო ნომერი |
| საკონტროლო ველი |
5428 |
| 003 - საკონტროლო ნომრის იდენტიფიკატორი |
| საკონტროლო ველი |
GE_BSU |
| 005 - ბოლო ოპერაციის თარიღი და დრო |
| საკონტროლო ველი |
20191023111545.0 |
| 008 - ფიქსირებული სიგრძის მონაცემთა ელემენტები - ზოგადი ინფორმაცია |
| ფიქსირებული სიგრძის საკონტროლო ველი |
181216s2012||||ge |||||||||||||| ||geo|| |
| 040 ## - კატალოგიზაციის წყარო |
| Transcribing agency |
GE_BSU |
| 041 ## - ენის კოდი |
| Language code of text/sound track or separate title |
geo |
| 080 ## - უნივერსალური ათობითი კლასიფიკაციის ინდექსი |
| Universal Decimal Classification number |
630(063) დ-26 |
| 245 ## - ცნობა სათაურის შესახებ |
| Title |
დედამიწა - გლობალური ბუნებრივი კატაკლიზმები და ტყეები / |
| Remainder of title |
აჭარის ავტონომიური რესპ. მთავრ., საქ-ს მეცნ. აკადემიის აჭარის რეგიონალური სამეცნიერო ცენტრის ერთობლივი სამეცნიერო კონფერენციის ანგარიში (2012წლის 20-22აპრილი). |
| 264 ## - წარმოების, გამოცემის, დისტრიბუციის და სხვა ცნობები |
| გამოცემის, წარმოების, დისტრიბუციის... ადგილი |
ბათუმი : |
| გამოცემის, წარმოების, დისტრიბუციის... თარიღი |
2012. |
| 300 ## - ფიზიკური აღწერა |
| Extent |
242 გვ. ; |
| Other physical details |
20 სმ. |
| 653 ## - INDEX TERM--UNCONTROLLED |
| Uncontrolled term |
დედამიწა; |
| 653 ## - INDEX TERM--UNCONTROLLED |
| Uncontrolled term |
ბუნებრივი კატაკლიზმები; |
| 942 ## - ADDED ENTRY ELEMENTS (KOHA) |
| Koha item type |
წიგნი |
| Source of classification or shelving scheme |
|